Logo de la biblioteca USCO

Procesos de comunicación y matrices de cultura (Record no. 557)

000 -CABECERA
campo de control de longitud fija 00877nam a22002297a 4500
003 - NÚMERO DE CONTROL
campo de control CO-NeUS
005 - FECHA Y HORA DE ACTUALIZACIÓN
005 20180210123133.0
008 - LONGITUD FIJA
campo de control de longitud fija 131105b ck ||||| |||| 00| 0 spa d
020 ## - INTERNATIONAL STANDARD BOOK NUMBER
ISBN 9688871184
040 ## - FUENTE DE CATALOGACIÓN
Centro catalogador/agencia de origen CO-NeUS
Lengua de catalogación español
Centro/agencia transcriptor CO-NeUS
100 1# - AUTOR PERSONAL
nombre Martín Barbero Jesús
relación Autor
9 (RLIN) 65202
245 10 - TÍTULO PROPIAMENTE DICHO
título Procesos de comunicación y matrices de cultura
subtítulo Itinerario para salir de la razón dualista
Mención de responsabilidad, etc. J. Martin-Barbero
264 ## - PIE DE IMPRENTA
lugar (ciudad) México
editorial G. Gili/Felafacs
fecha 1987
300 ## - DESCRIPCIÓN FÍSICA
Extensión 212 paginas.
520 ## - RESUMEN
Resumen Los diversos caminos seguidos por la investigación de la comunicación desde su lugar de partida hasta el momento actual, que se define en el reencuentro con lo cultural.
082 04 - CLASIFICACIÓN DECIMAL DEWEY
Clasificación 302.23
Clave de autor M178
650 14 - MATERIA GENERAL
Término de materia o nombre geográfico como elemento inicial Medios de comunicacion de masas
9 (RLIN) 116129
650 14 - MATERIA GENERAL
Término de materia o nombre geográfico como elemento inicial Comunicacion
9 (RLIN) 104034
650 14 - MATERIA GENERAL
Término de materia o nombre geográfico como elemento inicial Cultura
9 (RLIN) 105542
650 14 - MATERIA GENERAL
Término de materia o nombre geográfico como elemento inicial Cultura popular
9 (RLIN) 105597
942 ## - PUNTO DE ACCESO ADICIONAL KOHA
Tipo de ítem koha Libros

No items available.

Powered by Koha